| Tag |
First Indicator |
Second Indicator |
Subfields |
| LEADER |
00000cam a2200000 4500 |
| 001 |
in00000046886 |
| 005 |
20151214141248.0 |
| 008 |
730618s1964 nyua b 00010 eng u |
| 010 |
|
|
|a 64021665
|
| 035 |
|
|
|a (OCoLC)00644167
|
| 035 |
|
|
|9 AAF3260AM
|
| 040 |
|
|
|c DAY
|d TXA
|d UtOrBLW
|
| 049 |
|
|
|a TXAM
|c [405834]
|
| 050 |
|
0 |
|a QP96
|b .B5 1964
|
| 092 |
|
|
|a 611.0185
|b B622r 1964
|
| 100 |
1 |
|
|a Bishop, Charles W.
|
| 245 |
1 |
4 |
|a The red blood cell ;
|b a comprehensive treatise /
|c Edited by Charles Bishop [and] Douglas M. Surgenor.
|
| 264 |
|
1 |
|a New York :
|b Academic Press,
|c 1964.
|
| 300 |
|
|
|a xiv, 566 pages :
|b illustrations ;
|c 24 cm.
|
| 336 |
|
|
|a text
|b txt
|2 rdacontent
|
| 337 |
|
|
|a unmediated
|b n
|2 rdamedia
|
| 338 |
|
|
|a volume
|b nc
|2 rdacarrier
|
| 504 |
|
|
|a Includes bibliographies.
|
| 650 |
|
0 |
|a Erythrocytes.
|
| 700 |
1 |
|
|a Surgenor, Douglas MacN.,
|d 1918-
|
| 999 |
|
|
|a MARS
|
| 999 |
f |
f |
|s 32270b08-0f73-3477-9fd1-ae9dc30917ff
|i 9d8fc299-e4ac-37d9-83db-0186325fae82
|t 0
|
| 952 |
f |
f |
|p ric
|a Texas A&M University
|b Rellis Campus
|c Joint Library Facility
|d Remote Storage
|t 0
|e QP96 .B5 1964
|h Library of Congress classification
|i unmediated -- volume
|m A14801026624
|
| 998 |
f |
f |
|a QP96 .B5 1964
|t 0
|l Remote Storage
|